[Rezension]

Gespeichert in:
Bibliographische Detailangaben
Veröffentlicht in:Sehepunkte 7 (2007), Heft 12
VerfasserIn: Glaser, Silvia (VerfasserIn)
Dokumenttyp: Online-Ressource Aufsatz
Sprache:German
Veröffentlicht: 2007
Schlagwörter:
Online Zugang:kostenfrei
Bibliogr. Hinweis:Enthalten in: Sehepunkte
Rezension von: Deckelterrinen des 18. Jahrhunderts aus Fayence und Zinn
Verantwortlich:Silvia Glaser
LEADER 01397naa a22003132c 4500
001 1752480325
003 DE-627
005 20210325232335.0
007 cr uuu---uuuuu
008 210325s2007 xx |||||oo 00| ||ger c
035 |a (DE-627)1752480325 
035 |a (DE-599)KXP1752480325 
040 |a DE-627  |b ger  |c DE-627  |e rda 
041 |a ger 
100 1 |a Glaser, Silvia  |e VerfasserIn  |4 aut 
245 1 0 |a [Rezension]  |c Silvia Glaser 
264 1 |c 2007 
336 |a Text  |b txt  |2 rdacontent 
337 |a Computermedien  |b c  |2 rdamedia 
338 |a Online-Ressource  |b cr  |2 rdacarrier 
650 0 7 |0 (DE-588)4511937-5  |0 (DE-627)248012134  |0 (DE-576)213199033  |a Online-Ressource  |2 gnd 
655 7 |a Rezension  |0 (DE-588)4049712-4  |0 (DE-627)106186019  |0 (DE-576)209083166  |2 gnd-content 
773 0 8 |i Enthalten in  |t Sehepunkte  |d München : Ludwig-Maximilians-Univ., 2001  |g 7 (2007), Heft 12  |h Online-Ressource  |w (DE-627)33678273X  |w (DE-600)2062440-2  |w (DE-576)117978736  |x 1618-6168  |7 nnas 
773 1 8 |g volume:7  |g year:2007  |g number:12 
787 0 8 |i Rezension von  |t Deckelterrinen des 18. Jahrhunderts aus Fayence und Zinn  |b 1. Aufl.  |d München : Hirmer, 2007  |h 144 S.  |w (DE-627)1347373284  |w (DE-576)27737328X  |z 9783777438658  |z 3777438650 
856 4 2 |u http://www.sehepunkte.de/2007/12/13982.html  |x Verlag  |z kostenfrei  |7 0 
951 |a AR 
991 |a Rezension (Monographie, Zeitschrift, Aufsatz) 
999 |a KXP-PPN1752480325  |e 4978414717